Statystyki dla Rozpoznaj miasto po tablicy rejestracyjnej świętokrzyskie

Kliknij tutaj aby rozwiązać quiz!

Ogólne statystyki

  • Ten quiz został rozwiązany 405 razy
  • Średni wynik to 9 z 14

Statystyki odpowiedzi

RejestracjaMiasto / powiatOdpowiedź% Poprawnych
TKMiastoKielce
99%
TKIpowiatkielecki
78%
TJEpowiatjędrzejowski
75%
TSApowiatsandomierski
74%
TOSpowiatostrowiecki
72%
TOPpowiatopatowski
70%
TBpowiatbuski
68%
TSKpowiatskarżyski
68%
TPIpowiatpińczowski
66%
TSTpowiatstarachowicki
66%
TSZpowiatstaszowski
56%
TKNpowiatkonecki
53%
TKApowiatkazimierski
52%
TLWpowiatwłoszczowski
52%

Rozkład punktacji

Percentyl według liczby udzielonych odpowiedzi

Procent ludzi z każdym wynikiem

Twoja historia wyników

Nie rozwiązałeś tego quizu